|
|
|
|
| LEADER |
00000nam a2200000 i 4500 |
| 001 |
115600 |
| 003 |
CZ ZlUTB |
| 005 |
20260505144118.0 |
| 007 |
ta |
| 008 |
260105s2026 xr a e f 000 0 cze |
| 015 |
|
|
|a cnb003734783
|
| 020 |
|
|
|a 978-80-262-2417-4
|q (brožováno)
|
| 040 |
|
|
|a ABA001
|b cze
|d BOA001
|e rda
|
| 072 |
|
7 |
|a 373.2/.3
|x Předškolní a primární výchova a vzdělávání
|2 Konspekt
|9 22
|
| 080 |
|
|
|a 373.2
|2 MRF
|
| 080 |
|
|
|a 159.93
|2 MRF
|
| 080 |
|
|
|a 612.821.8
|2 MRF
|
| 080 |
|
|
|a 37.031:159.93
|2 MRF
|
| 080 |
|
|
|a 37.091.33:159.943
|2 MRF
|
| 080 |
|
|
|a (035)
|2 MRF
|
| 100 |
1 |
|
|a Hořeňovská, Veronika
|7 xx0336851
|4 aut
|
| 245 |
1 |
0 |
|a Senzorické hraní s dětmi :
|b aktivity pro děti 2-6 let /
|c Veronika Hořeňovská
|
| 250 |
|
|
|a Vydání první
|
| 264 |
|
1 |
|a Praha :
|b Portál,
|c 2026
|
| 300 |
|
|
|a 143 stran :
|b barevné ilustrace ;
|c 23 cm
|
| 336 |
|
|
|a text
|b txt
|2 rdacontent
|
| 337 |
|
|
|a bez média
|b n
|2 rdamedia
|
| 338 |
|
|
|a svazek
|b nc
|2 rdacarrier
|
| 504 |
|
|
|a Obsahuje bibliografii
|
| 650 |
0 |
7 |
|a předškolní výchova
|7 ph124887
|2 czenas
|
| 650 |
0 |
7 |
|a smyslové vnímání
|7 ph116195
|2 czenas
|
| 650 |
0 |
7 |
|a smyslová výchova
|7 ph125719
|2 czenas
|
| 650 |
0 |
7 |
|a psychomotorické hry
|7 ph124818
|2 czenas
|
| 650 |
0 |
9 |
|a preschool education
|2 eczenas
|
| 650 |
0 |
9 |
|a senses and sensation
|2 eczenas
|
| 650 |
0 |
9 |
|a sensory education
|2 eczenas
|
| 650 |
0 |
9 |
|a perceptual-motor training
|2 eczenas
|
| 655 |
|
7 |
|a příručky
|7 fd133209
|2 czenas
|
| 655 |
|
9 |
|a handbooks and manuals
|2 eczenas
|
| 710 |
2 |
|
|a Portál (nakladatelství)
|7 ko2003199531
|4 pbl
|
| 910 |
|
|
|a ZLD002
|
| 942 |
|
|
|2 udc
|
| 952 |
|
|
|0 0
|1 0
|4 0
|6 373HOŘEŇOVSKÁV
|7 -1
|8 BOOK
|9 191018
|a UTBZL
|b UTBZL
|c 005
|d 2026-05-05
|l 0
|o 373/HOŘEŇOVSKÁ,V.
|p 420010201928
|r 2026-05-05 14:41:56
|v 319.00
|w 2026-05-05
|x N:nákup
|y 01
|
| 952 |
|
|
|0 0
|1 0
|4 0
|6 373HOŘEŇOVSKÁV
|7 -1
|8 BOOK
|9 191019
|a UTBZL
|b UTBZL
|c 006
|d 2026-05-05
|l 0
|o 373/HOŘEŇOVSKÁ,V.
|p 420010201929
|r 2026-05-05 14:42:18
|v 319.00
|w 2026-05-05
|x N:nákup
|y 04
|
| 992 |
|
|
|a BK
|b SKNEW
|
| 999 |
|
|
|c 115600
|d 115600
|